000 01177cam a2200253 4500
001 ABS63205
008 000000n2000 000 0 eng u
035 _a(Sirsi) u109394
100 _aTugnutt, T
245 4 _aThe rights stuff
260 _c2000
490 _aBuilding Design
_v(1460) 13 October 2000, 10(1)
520 _aLooks at the issues raised for planners and architects by the introduction of the Human Rights Act 1998. Suggests that Article 6 is likely to have a profound impact on the planning system, prompting a case to be made for third-party rights of appeal in certain cases. Draws on the experience of Camden, which allows third-party objectors to voice their concerns in planning meetings. Finally investigates how planners and architects are likely to be affected by the right to a fair trial before an independent and impartial tribunal.
590 _aABS
650 _aPLANNERS
650 _aCAMDEN
650 _aARCHITECTS
650 _aTHIRD PARTY RIGHTS
650 _aPLANNING SYSTEM
650 _aHUMAN RIGHTS ACT 1998
690 _aENVIRONMENTAL AND LAND CONSULTANCY-PLANNING AND DEVELOPMENT
700 _aBirch, A
942 _n0
999 _c65305
_d65305